000 00506nam a2200169 i 4500
001 92150
003 ES-MaACL
005 20230906180916.0
007 t|
008 050222s1977 sp ||||1| spa d
100 1 _aLhande, Pierre.
_972131
245 1 0 _aChoix de poème /
_cPierre Lhande; preface de Charles de Launet.
260 _a[San Sebastián :
_bTip. Garí,
_c1977]
300 _a115 p :
_bil., retr. aut. ;
_c22 cm.
700 1 _aLaunet, Charles de.
_970606
852 _aES-MaACL
_jA-8013
_bR.97078
999 _c92150
_d92150